All names of european football leagues - Statistics

General Stats
  • This quiz has been taken 59 times
  • The average score is 9 of 25
Answer Stats
Country League % Correct
Italy Serie A
98%
Germany Bundesliga
96%
Austria Bundesliga
96%
England Premier League
95%
Spain LaLiga
93%
France Ligue 1
88%
Türkiye Süper Lig
68%
Netherlands Eredivisie
50%
Portugal Liga Portugal
38%
Switzerland Super League
36%
Poland Ekstraklasa
29%
Scotland Premiership
23%
Sweden Allsvenskan
21%
Belgium Jupiler Pro League
18%
Norway Eliteserien
14%
Denmark Superliga
14%
Romania SuperLiga
14%
Russia Premier Liga
13%
Ukraine Premier Liga
13%
Czech Republic Chance Liga
2%
Bulgaria efbet Liga
2%
Hungary NB I.
2%
Greece Super League 1
2%
Serbia Super Liga Srbije
2%
Croatia SuperSport HNL
2%
No matching quizzes found
Score Distribution
Percent of People with Each Score
Percentile by Number Answered
Your Score History
You have not taken this quiz